NFL Teams With Least Followers on X (Twitter) - Statistics

General Stats
  • This quiz has been taken 51 times
    25 since last reset
  • The average score is 8 of 10
Answer Stats
Number of Followers NFL Team % Correct
888.4K Jacksonville Jaguars
100%
1.3M New York Jets
88%
1.1M Arizona Cardinals
83%
1.1M Los Angeles Chargers
83%
1.3M Miami Dolphins
83%
1.4M Washington Commanders
83%
1.0M Tennessee Titans
79%
1.2M Los Angeles Rams
75%
1.3M Tampa Bay Buccaneers
75%
1.2M Indianapolis Colts
71%
No matching quizzes found
Score Distribution
Percent of People with Each Score
Percentile by Number Answered
Your Score History
You have not taken this quiz since the last reset